Не плачь дитя (Запись № 13283715)

Подробности
000 -МАРКЕР
контрольное поле 01754njm0a2200397 4500
001 - ИДЕНТИФИКАТОР ЗАПИСИ
контрольное поле RU\NLR\ONIZ\224299
005 - ИДЕНТИФИКАТОР ВЕРСИИ
контрольное поле 20250708192905.0
035 ## - ДРУГИЕ СИСТЕМНЫЕ НОМЕРА
Идентификатор записи (NLR Aleph) 011903371
035 ## - ДРУГИЕ СИСТЕМНЫЕ НОМЕРА
Идентификатор записи RU\NLR\ONIZ\GALA\5000033550\20181022163849
071 00 - ИЗДАТЕЛЬСКИЙ НОМЕР
Номер, присвоенный агентством G.C.-2-22685
100 ## - ДАННЫЕ ОБЩЕЙ ОБРАБОТКИ
Данные общей обработки 20181022f19001999|||y0rusy50 ca
102 ## - СТРАНА ПУБЛИКАЦИИ ИЛИ ПРОИЗВОДСТВА
Страна публикации российская федерация
126 ## - ПОЛЕ КОДИРОВАННЫХ ДАННЫХ: ЗВУКОЗАПИСИ - ФИЗИЧЕСКИЕ ХАРАКТЕРИСТИКИ
Кодированные данные звукозаписи (общие) aduxdxu ux
Кодированные данные звукозаписи (уточнения) xxx
127 ## - ПОЛЕ КОДИРОВАННЫХ ДАННЫХ: ПРОДОЛЖИТЕЛЬНОСТЬ ЗВУКОЗАПИСЕЙ И НОТНЫХ ИЗДАНИЙ (МУЗЫКАЛЬНОЕ ИСПОЛНЕНИЕ)
Продолжительность 000006
135 ## - ПОЛЕ КОДИРОВАННЫХ ДАННЫХ: ЭЛЕКТРОННЫЕ РЕСУРСЫ
Кодированные данные для электронного ресурса honoannnanndn
200 1# - ЗАГЛАВИЕ И СВЕДЕНИЯ ОБ ОТВЕТСТВЕННОСТИ
Основное заглавие Не плачь дитя
Общее обозначение материала Звукозапись
Сведения, относящиеся к заглавию [Романс Демона] из оперы "Демонъ"
Первые сведения об ответственности [А. Г. Рубинштейн]
Последующие сведения об ответственности исполн.: А. М. Брагин (баритонъ), ST. Petersburg
210 ## - ПУБЛИКАЦИЯ, РАСПРОСТРАНЕНИЕ И ДР.
Место издания, распространения и т.д. Riga
Имя издателя, распространителя и т. д. Gramophone concert record
Дата издания, распространения и т.д. [19--]
215 ## - ФИЗИЧЕСКАЯ ХАРАКТЕРИСТИКА
Специфическое обозначение материала и объем 1грп.(06 мин): 78 об/мин, моно; 25 см, в конв.
300 ## - ОБЩИЕ ПРИМЕЧАНИЯ
Текст примечания грп. односторонняя
500 00 - УНИФИЦИРОВАННОЕ ЗАГЛАВИЕ
Унифицированное заглавие Демон
Наименование раздела или части ария Демона
Общее обозначение материала Звукозапись
Сведения, относящиеся к заглавию/сведения о виде, жанре, характере документа опера
Средства исполнения (для музыкальных произведений) баритон и фп.
606 1# - НАИМЕНОВАНИЕ ТЕМЫ КАК ПРЕДМЕТ
Наименование темы Оперные певцы начала 20 века
Тематический подзаголовок Звукозапись
Географический подзаголовок Россия
Хронологический подзаголовок 20 в.
Код системы nlr_sh
686 ## - ИНДЕКСЫ ДРУГИХ КЛАССИФИКАЦИЙ
Индекс Щ943.2-071(28)
Издание LBC/SL
Код системы
700 #1 - ИМЯ ЛИЦА - ПЕРВИЧНАЯ ОТВЕТСТВЕННОСТЬ
Системный номер авторитетной/нормативной записи z01790
Начальный элемент ввода Рубинштейн
Часть имени, кроме начального элемента ввода А. Г.
Даты 1829–1894
Расширение инициалов личного имени Антон Григорьевич
Код отношения Композитор
Графика поля Кириллица
702 #1 - ИМЯ ЛИЦА - ВТОРИЧНАЯ ОТВЕТСТВЕННОСТЬ
Системный номер авторитетной/нормативной записи z02790
Начальный элемент ввода Брагин
Часть имени, кроме начального элемента ввода А. М.
Даты 1881-1953
Расширение инициалов личного имени Александр Михайлович
Код отношения Исполнитель
--
Графика поля Кириллица
790 #1 - ИМЯ ЛИЦА - АЛЬТЕРНАТИВНАЯ ФОРМА
Системный номер авторитетной/нормативной записи z01700
Начальный элемент ввода Rubinštejn
Часть имени, кроме начального элемента ввода A. G.
Даты 1829–1894
Расширение инициалов личного имени Anton Grigor`evič
Код отношения Композитор
Графика поля Латинская
790 #1 - ИМЯ ЛИЦА - АЛЬТЕРНАТИВНАЯ ФОРМА
Системный номер авторитетной/нормативной записи z02702
Начальный элемент ввода Bragin
Часть имени, кроме начального элемента ввода A.
Даты 1881-1953
Расширение инициалов личного имени Aleksandr
Код отношения Исполнитель
--
Графика поля Латинская
801 #0 - ИСТОЧНИК ЗАПИСИ
Страна российская федерация
Организация NLR
Дата составления 20181022
Правила каталогизации PSBO
801 #1 - ИСТОЧНИК ЗАПИСИ
Страна российская федерация
Организация NLR
Дата составления 20181022
Источник данных rusmarc
801 #2 - ИСТОЧНИК ЗАПИСИ
Страна российская федерация
Организация NLR
Дата составления 20181024
852 ## - МЕСТОНАХОЖДЕНИЕ И ШИФР ХРАНЕНИЯ
Идентификатор организации NLR
Наименование фонда или коллекции (Sub-Location Identifier) Мг
Шифр хранения (Call Number) 2к/2641
Страна
Номер экземпляра 1
942 ## - ДОПОЛНИТЕЛЬНЫЕ ЭЛЕМЕНТЫ ЗАПИСИ (АБИС)
Тип экземпляра АБИС Звукозапись
980 ## - КОЛЛЕКЦИЯ
Название коллекции Национальная библиография
980 ## - КОЛЛЕКЦИЯ
Название коллекции Отдел нот и звукозаписей
Экземпляры
Тип экземпляра Дата поступления Библиотека постоянного хранения Библиотека текущего хранения Место хранения Шифр хранения Статус не для выдачи
Звукозапись 22.10.2018 РНБ (Московский) РНБ (Московский) Фонд нот и звукозаписей 2к/2641 2к/2641